NHBC standards (Record no. 111909)
[ view plain ]
| 000 -LEADER | |
|---|---|
| fixed length control field | 00957cam a22002175a 4500 |
| 001 - CONTROL NUMBER | |
| control field | L152180 |
| 008 - FIXED-LENGTH DATA ELEMENTS--GENERAL INFORMATION | |
| fixed length control field | 110208s2011 xxk f 001 0 eng d |
| 035 ## - SYSTEM CONTROL NUMBER | |
| System control number | (Sirsi) u152180 |
| 041 0# - LANGUAGE CODE | |
| Language code of text/sound track or separate title | eng |
| 050 04 - LIBRARY OF CONGRESS CALL NUMBER | |
| Classification number | 692.3 $2 18 |
| 110 2# - MAIN ENTRY--CORPORATE NAME | |
| Corporate name or jurisdiction name as entry element | National House-Building Council |
| 245 00 - TITLE STATEMENT | |
| Title | NHBC standards |
| Remainder of title | effective from 1 January 2011 |
| 260 ## - PUBLICATION, DISTRIBUTION, ETC. | |
| Place of publication, distribution, etc. | Milton Keynes |
| Name of publisher, distributor, etc. | NHBC |
| Date of publication, distribution, etc. | 2010 |
| 300 ## - PHYSICAL DESCRIPTION | |
| Other physical details | ill. 358p. |
| Dimensions | 30cm. |
| 505 2# - FORMATTED CONTENTS NOTE | |
| Formatted contents note | General Information -- Materials -- Ancillary technologies -- Foundations -- Substructure and ground floors -- Superstructure (excluding roots) -- Roots -- Services and Internal finishing -- External works. |
| 520 ## - SUMMARY, ETC. | |
| Summary, etc. | Details building standards; technical requirements that must be met by the builder; performance standards for design, materials and sitework;guidance on how the performance standards may be met. |
| 521 ## - TARGET AUDIENCE NOTE | |
| Target audience note | Expert |
| 651 #4 - SUBJECT ADDED ENTRY--GEOGRAPHIC NAME | |
| Geographic name | United Kingdom |
| Chronological subdivision | |
| 690 ## - LOCAL SUBJECT ADDED ENTRY--TOPICAL TERM (OCLC, RLIN) | |
| Topical term or geographic name as entry element | BUILT ENVIRONMENT-BUILDING STANDARDS |
| 942 ## - ADDED ENTRY ELEMENTS (KOHA) | |
| Suppress in OPAC | 0 |
| Withdrawn status | Lost status | Source of classification or shelving scheme | Damaged status | Not for loan | Home library | Current library | Shelving location | Date acquired | Cost, normal purchase price | Total Checkouts | Full call number | Barcode | Date last seen | Date last checked out | Copy number | Cost, replacement price | Price effective from | Koha item type |
|---|---|---|---|---|---|---|---|---|---|---|---|---|---|---|---|---|---|---|
| Dewey Decimal Classification | London | London | Books | 08/02/2011 | 94.80 | 1 | F692.3 NHBC | 30075744 | 11/03/2024 | 17/04/2013 | 1 | 94.80 | 06/08/2019 | Book |